[Event "Bremen-ch op"]
[Site "Bremen"]
[Date "2018.03.28"]
[Round "6"]
[White "Kohlscheen, Jens"]
[Black "Jung, Gerald"]
[Result "1/2-1/2"]
[WhiteElo "1811"]
[BlackElo "1919"]
[PlyCount "33"]
[EventDate "2018.03.24"]
[EventType "swiss"]
[EventRounds "9"]
[EventCountry "GER"]
[SourceTitle "EXT 2019"]
[Source "ChessBase"]
[SourceDate "2018.10.10"]
[SourceVersion "1"]
[SourceVersionDate "2018.10.10"]
[SourceQuality "1"]

1. e4 c5 2. Nf3 d6 3. d4 cxd4 4. Nxd4 Nf6 5. Nc3 a6 6. Be3 e5 7. Nb3 Be6 8. f3 Qc7 9. g4 Be7 10. h4 Nbd7 11. Qd2 Nb6 12. 0-0-0 Rc8 13. Kb1 Nc4 14. Bxc4 Bxc4 15. h5 Nd7 16. g5 f6 17. f4 1/2-1/2

[Event "Bremen-ch op"]
[Site "Bremen"]
[Date "2018.03.27"]
[Round "5"]
[White "Hundack, Rolf"]
[Black "Kohlscheen, Jens"]
[Result "1-0"]
[WhiteElo "2085"]
[BlackElo "1811"]
[PlyCount "93"]
[EventDate "2018.03.24"]
[EventType "swiss"]
[EventRounds "9"]
[EventCountry "GER"]
[SourceTitle "EXT 2019"]
[Source "ChessBase"]
[SourceDate "2018.10.10"]
[SourceVersion "1"]
[SourceVersionDate "2018.10.10"]
[SourceQuality "1"]

1. c4 Nf6 2. Nc3 g6 3. g3 Bg7 4. Bg2 0-0 5. Nf3 d6 6. 0-0 Nc6 7. e4 e5 8. d3 a6 9. h3 Rb8 10. Bg5 h6 11. Be3 b5 12. b3 Be6 13. Nd5 Kh7 14. Qd2 Ng8 15. Rac1 Nce7 16. d4 Qd7 17. cxb5 Bxd5 18. exd5 Rxb5 19. dxe5 dxe5 20. Rfd1 e4 21. Ne1 Rxd5 22. Qc2 f5 23. Bf1 c6 24. Bxa6 Rd8 25. Be2 Nf6 26. Ng2 g5 27. Bc5 Ng6 28. Bb6 Ra8 29. Ne3 Rxd1+ 30. Rxd1 Qb7 31. Bd4 f4 32. Ng4 Nxg4 33. Bxg4 Rd8 34. Bxg7 Rxd1+ 35. Bxd1 Kxg7 36. Qxe4 fxg3 37. Qd4+ Kg8 38. fxg3 Qe7 39. Kg2 c5 40. Qd5+ Kg7 41. Bf3 Ne5 42. Qb7 Qxb7 43. Bxb7 Nd3 44. a4 Nb2 45. a5 c4 46. a6 c3 47. Be4 1-0

[Event "Bremen-ch op"]
[Site "Bremen"]
[Date "2018.03.25"]
[Round "2"]
[White "Kohlscheen, Jens"]
[Black "Mueller, Wolfgang"]
[Result "0-1"]
[WhiteElo "1811"]
[BlackElo "2023"]
[PlyCount "34"]
[EventDate "2018.03.24"]
[EventType "swiss"]
[EventRounds "9"]
[EventCountry "GER"]
[SourceTitle "EXT 2019"]
[Source "ChessBase"]
[SourceDate "2018.10.10"]
[SourceVersion "1"]
[SourceVersionDate "2018.10.10"]
[SourceQuality "1"]

1. e4 e6 2. d4 d5 3. e5 c5 4. c3 Qb6 5. Nf3 Nc6 6. a3 c4 7. Be2 Bd7 8. Nbd2 Na5 9. Rb1 Rc8 10. 0-0 Be7 11. Qe1 Ba4 12. Bd1 Qc6 13. b3 cxb3 14. Nxb3 Nc4 15. Nbd2 Bxd1 16. Qxd1 Nxa3 17. Qb3 Nxb1 0-1

[Event "Bremen-ch op"]
[Site "Bremen"]
[Date "2016.03.25"]
[Round "8"]
[White "Traetmar, Mattis"]
[Black "Kohlscheen, Jens"]
[Result "1-0"]
[WhiteElo "1848"]
[BlackElo "1620"]
[PlyCount "55"]
[EventDate "2016.03.19"]
[EventType "swiss"]
[EventRounds "9"]
[EventCountry "GER"]
[SourceTitle "EXT 2018"]
[Source "ChessBase"]
[SourceDate "2017.10.13"]
[SourceVersion "1"]
[SourceVersionDate "2017.10.13"]
[SourceQuality "1"]

1. e4 e5 2. Nf3 Nf6 3. Nxe5 d6 4. Nf3 Nxe4 5. d4 d5 6. Bd3 Bd6 7. 0-0 0-0 8. c4 c6 9. Qc2 Nf6 10. c5 Bc7 11. Bg5 h6 12. Bh4 Re8 13. Nbd2 a5 14. a3 b6 15. b4 bxc5 16. bxc5 Ba6 17. Rfb1 Bxd3 18. Qxd3 Nbd7 19. Rb7 Qc8 20. Rab1 Ne4 21. Qc2 Ndf6 22. Bxf6 Nxf6 23. Nf1 Re7 24. Ng3 g6 25. Ne5 Bd8 26. Rxe7 Bxe7 27. Rb6 Ra6 28. Nxc6 1-0

[Event "Niedersachsen-ch op"]
[Site "Verden"]
[Date "2009.01.03"]
[Round "2"]
[White "Kohlscheen, Jens"]
[Black "Woellermann, Jan"]
[Result "0-1"]
[WhiteElo "1711"]
[BlackElo "2068"]
[PlyCount "76"]
[EventDate "2009.01.03"]
[EventType "swiss"]
[EventRounds "7"]
[EventCountry "GER"]
[SourceTitle "EXT 2012"]
[Source "ChessBase"]
[SourceDate "2011.11.24"]
[SourceVersion "1"]
[SourceVersionDate "2011.11.24"]
[SourceQuality "1"]

1. d4 Nf6 2. c4 e6 3. g3 d5 4. Bg2 Be7 5. Nf3 0-0 6. 0-0 dxc4 7. Ne5 Nc6 8. Nxc6 bxc6 9. Bxc6 Rb8 10. Bg2 c5 11. Na3 cxd4 12. Nxc4 Bb7 13. Ne5 Bxg2 14. Kxg2 Qd5+ 15. Nf3 e5 16. Kg1 Rfd8 17. Nxe5 Qxe5 18. Bf4 Qb5 19. Bxb8 Qxb8 20. Rb1 Qe5 21. a3 h5 22. Qd3 h4 23. Rbc1 hxg3 24. Qxg3 Qd5 25. f3 Bd6 26. Qh3 Bf4 27. Rc8 g6 28. Rd1 Be3+ 29. Kh1 Kg7 30. b4 Qb3 31. Rf1 Rxc8 32. Qxc8 Qxa3 33. Qc5 Qa2 34. Qb5 a6 35. Qd3 Nh5 36. f4 Qd5+ 37. Rf3 Nxf4 38. Qxa6 d3 0-1

[Event "Harburg-chF 5th"]
[Site "Hamburg"]
[Date "2007.07.08"]
[Round "5"]
[White "Kohlscheen, Jens"]
[Black "Draeger, Klaus"]
[Result "1/2-1/2"]
[WhiteElo "1676"]
[BlackElo "1852"]
[PlyCount "56"]
[EventDate "2007.07.06"]
[EventType "tourn"]
[EventRounds "5"]
[EventCountry "GER"]
[SourceTitle "EXT 2008"]
[Source "ChessBase"]
[SourceDate "2007.11.25"]
[SourceVersion "1"]
[SourceVersionDate "2007.11.25"]
[SourceQuality "1"]

1. d4 Nf6 2. c4 c5 3. d5 b5 4. cxb5 a6 5. bxa6 Bxa6 6. g3 d6 7. Bg2 g6 8. Nf3 Bg7 9. 0-0 0-0 10. Nc3 Nbd7 11. Re1 Qa5 12. Nd2 Rfb8 13. Qc2 Ng4 14. Nb3 Qc7 15. h3 Nge5 16. Nd2 Nc4 17. Nxc4 Bxc4 18. Bf4 Qa5 19. Bd2 Ra7 20. f4 Rab7 21. b3 Ba6 22. Rab1 Qa3 23. e4 Bd4+ 24. Kh2 c4 25. bxc4 Bxc4 26. Rxb7 Rxb7 27. Nb1 Qxa2 28. Qxa2 Bxa2 1/2-1/2

[Event "Harburg-chF 5th"]
[Site "Hamburg"]
[Date "2007.07.07"]
[Round "3"]
[White "Kohlscheen, Jens"]
[Black "Klausch, Uwe"]
[Result "1/2-1/2"]
[WhiteElo "1676"]
[BlackElo "1650"]
[PlyCount "43"]
[EventDate "2007.07.06"]
[EventType "tourn"]
[EventRounds "5"]
[EventCountry "GER"]
[SourceTitle "EXT 2008"]
[Source "ChessBase"]
[SourceDate "2007.11.25"]
[SourceVersion "1"]
[SourceVersionDate "2007.11.25"]
[SourceQuality "1"]

1. d4 Nf6 2. c4 g6 3. Nc3 Bg7 4. e4 d6 5. Nf3 0-0 6. h3 e5 7. d5 a5 8. Bg5 h6 9. Be3 Na6 10. g4 Kh7 11. Be2 b6 12. Nd2 Nc5 13. h4 Ng8 14. Nf1 Bd7 15. Ng3 Qe7 16. g5 f5 17. gxf6 Bxf6 18. h5 g5 19. Qc2 Qf7 20. 0-0-0 Bh8 21. Rdg1 Bg7 22. Qd2 1/2-1/2

[Event "Harburg-chF 5th"]
[Site "Hamburg"]
[Date "2007.07.07"]
[Round "2"]
[White "Raedisch, Peter"]
[Black "Kohlscheen, Jens"]
[Result "0-1"]
[WhiteElo "1773"]
[BlackElo "1676"]
[PlyCount "120"]
[EventDate "2007.07.06"]
[EventType "tourn"]
[EventRounds "5"]
[EventCountry "GER"]
[SourceTitle "EXT 2008"]
[Source "ChessBase"]
[SourceDate "2007.11.25"]
[SourceVersion "1"]
[SourceVersionDate "2007.11.25"]
[SourceQuality "1"]

1. e4 c5 2. Bc4 Nc6 3. c3 Nf6 4. Qe2 d6 5. f4 Qc7 6. Nf3 a6 7. a3 b5 8. Bb3 e6 9. e5 dxe5 10. fxe5 Nd7 11. d4 cxd4 12. Bf4 Bc5 13. Nbd2 dxc3 14. bxc3 Bb7 15. Ne4 Na5 16. Bc2 Bxe4 17. Qxe4 Rc8 18. Bd2 Nc4 19. Bf4 Bb6 20. Nd4 Qc5 21. 0-0 Ncxe5 22. Bxe5 Qxe5 23. Qf3 Nf6 24. Kh1 0-0 25. Qd3 g6 26. Rae1 Qg5 27. Rf3 Nh5 28. Ref1 Bxd4 29. Qxd4 Rcd8 30. Qe4 Rd2 31. g3 Qd5 32. g4 Ng7 33. h4 f5 34. Qxd5 Rxd5 35. Bb3 Rc5 36. Rd1 fxg4 37. Rxf8+ Kxf8 38. Rd6 Rxc3 39. Bxe6 Nxe6 40. Rxe6 Rxa3 41. Kg2 Kf7 42. Rb6 Ra4 43. Kg3 h5 44. Rc6 a5 45. Rb6 Ra3+ 46. Kf4 Rf3+ 47. Kg5 Rf5+ 48. Kh6 a4 49. Rb7+ Ke6 50. Kxg6 Rd5 51. Rb6+ Kd7 52. Kf7 a3 53. Rb7+ Kc6 54. Rb8 Rd7+ 55. Ke6 Rb7 56. Rh8 b4 57. Rxh5 a2 58. Ra5 b3 59. h5 b2 60. h6 b1Q 0-1

[Event "Niedersachsen-ch op"]
[Site "Verden"]
[Date "2007.01.05"]
[Round "3"]
[White "Heyne, Jan Hendrik"]
[Black "Kohlscheen, Jens"]
[Result "0-1"]
[WhiteElo "1167"]
[BlackElo "1700"]
[PlyCount "78"]
[EventDate "2007.01.04"]
[EventType "swiss"]
[EventRounds "7"]
[EventCountry "GER"]
[SourceTitle "EXT 2021"]
[Source "ChessBase"]
[SourceDate "2020.10.23"]
[SourceVersion "1"]
[SourceVersionDate "2020.10.23"]
[SourceQuality "1"]

1. e4 c5 2. Nf3 Nc6 3. d4 cxd4 4. Nxd4 g6 5. Be3 Bg7 6. Nc3 Nf6 7. f3 d6 8. Qd2 0-0 9. 0-0-0 Qa5 10. Nb3 Qd8 11. Bc4 a6 12. h4 Ne5 13. Be2 Be6 14. Nd5 Bxd5 15. exd5 Rc8 16. g4 h5 17. gxh5 Nxh5 18. Rdg1 Nc4 19. Bxc4 Rxc4 20. Bh6 Qc8 21. c3 Qf5 22. Bxg7 Kxg7 23. Nd4 Qf4 24. Rxg6+ Kxg6 25. Rg1+ Kh7 26. Rg5 Qxd2+ 27. Kxd2 Ng7 28. b3 Rcc8 29. f4 e6 30. dxe6 fxe6 31. Rxg7+ Kxg7 32. Nxe6+ Kf6 33. Nxf8 Rxf8 34. Ke3 Rh8 35. Ke4 Rxh4 36. Kd5 Ke7 37. a4 Rxf4 38. b4 Rf5+ 39. Ke4 Ke6 0-1

[Event "Niedersachsen-ch op"]
[Site "Verden"]
[Date "2007.01.05"]
[Round "6"]
[White "Kohlscheen, Jens"]
[Black "Duessler, Stefanie"]
[Result "1-0"]
[WhiteElo "1700"]
[BlackElo "1517"]
[PlyCount "51"]
[EventDate "2007.01.04"]
[EventType "swiss"]
[EventRounds "7"]
[EventCountry "GER"]
[SourceTitle "EXT 2021"]
[Source "ChessBase"]
[SourceDate "2020.10.23"]
[SourceVersion "1"]
[SourceVersionDate "2020.10.23"]
[SourceQuality "1"]

1. e4 e5 2. f4 d6 3. Nf3 Nc6 4. Bc4 Bg4 5. Bxf7+ Kxf7 6. 0-0 Ke8 7. h3 Bh5 8. g4 Bf7 9. d4 Bc4 10. Rf2 Nf6 11. Nc3 Be7 12. d5 Nb8 13. fxe5 dxe5 14. Nxe5 Bc5 15. Nxc4 Bxf2+ 16. Kxf2 Rf8 17. Kg2 Nbd7 18. Bg5 Qe7 19. Qd4 h6 20. Bh4 g5 21. Bg3 Qc5 22. Qd3 b5 23. Nxb5 Kf7 24. Rf1 Kg7 25. Nxc7 Rae8 26. Bd6 1-0

[Event "Niedersachsen-ch"]
[Site "Verden"]
[Date "2006.01.05"]
[Round "2"]
[White "Eickhoff, Hermann"]
[Black "Kohlscheen, Jens"]
[Result "1-0"]
[WhiteElo "2033"]
[BlackElo "1743"]
[PlyCount "65"]
[EventDate "2006.01.??"]
[EventType "swiss"]
[EventRounds "7"]
[EventCountry "GER"]
[SourceTitle "CBM 110 Extra"]
[Source "ChessBase"]
[SourceDate "2006.03.10"]
[SourceVersion "2"]
[SourceVersionDate "2006.03.10"]
[SourceQuality "1"]

1. e4 c5 2. Nf3 e6 3. d4 cxd4 4. Nxd4 Nf6 5. Bd3 Bc5 6. Nb3 Be7 7. 0-0 Nc6 8. f4 d6 9. Nc3 a6 10. Qf3 0-0 11. Be3 Qc7 12. a4 Bd7 13. a5 Bd8 14. g4 g6 15. Rf2 Qc8 16. h3 Kh8 17. Ne2 Ng8 18. g5 f5 19. exf5 exf5 20. Bd2 Nge7 21. Bc3+ Kg8 22. Ned4 b5 23. axb6 Nxd4 24. Bxd4 Bc6 25. Qe2 Re8 26. Bxa6 Qd7 27. Qd2 Nc8 28. Qb4 Nxb6 29. c4 Rb8 30. c5 dxc5 31. Qxc5 Be7 32. Qe5 Qd5 33. Qg7# 1-0